| 000 | 00840cab a22002055a 4500 | ||
|---|---|---|---|
| 001 | L144114 | ||
| 008 | 080619e20080613xxko f 000 0 eng d | ||
| 035 | _a(Sirsi) u144164 | ||
| 041 | 0 | _aeng | |
| 100 | 1 | _aLane, Thomas | |
| 245 | 0 | 0 | _aCan timber frame sites ever be safe? |
| 260 | _c2008 | ||
| 490 | 0 |
_aBuilding _v273(8533) 13 June 2008, 28-30(3) |
|
| 520 | _aReports that there have been a spate of fires to timber framed buildings. Examines the causes of this trend and looks at what is being done to prevent it happening again. Lists timber framed buildings that have been affected by fire. Briefly explains why fire is such a risk in timber frame. | ||
| 590 | _aKA | ||
| 651 | 4 |
_aUnited Kingdom _y |
|
| 690 | _aBUILT ENVIRONMENT-BUILDING MATERIALS-TIMBER | ||
| 690 | _aMANAGEMENT-HEALTH AND SAFETY-FIRE SAFETY | ||
| 942 | _n0 | ||
| 999 |
_c80366 _d80366 |
||